Drahá ropa mení trh s chémiou
Ceny ropy a energie ovplyvňujúce konkurenčnú schopnosť chemickej výroby. Vplyv dynamiky vývoja ekonomicky silných regiónov sveta na exportne orientovanú slovenskú chémiu. Zaostávanie slovenského chemického priemyslu za krajinami Európskej únie. Potreba investícií do ochrany životného prostredia a do...
Gespeichert in:
| 1. Verfasser: | |
|---|---|
| Format: | Buchkapitel |
| Sprache: | Slowakisch |
| Schlagworte: | |
| Tags: |
Keine Tags, Fügen Sie das erste Tag hinzu!
|
MARC
| LEADER | 00000naa$a2200000$$$4500 | ||
|---|---|---|---|
| 001 | 0037060 | ||
| 005 | 20231004131024.6 | ||
| 041 | 0 | |a slo | |
| 044 | |a SK | ||
| 245 | 1 | 0 | |a Drahá ropa mení trh s chémiou |c Vojtech Gossányi |
| 520 | |a Ceny ropy a energie ovplyvňujúce konkurenčnú schopnosť chemickej výroby. Vplyv dynamiky vývoja ekonomicky silných regiónov sveta na exportne orientovanú slovenskú chémiu. Zaostávanie slovenského chemického priemyslu za krajinami Európskej únie. Potreba investícií do ochrany životného prostredia a do programov vedy a výskumu. Nelichotivý obraz chemického priemyslu po r. 1989. Negativistický postoj ekologických hnutí. Objektívnosť zákonov ako priorita. | ||
| 610 | 2 | 0 | |a priemysel chemický |
| 610 | 2 | 0 | |a výroba chemická |
| 610 | 2 | 0 | |a ropa |
| 610 | 2 | 0 | |a energia |
| 610 | 2 | 0 | |a ceny |
| 610 | 2 | 0 | |a vývoz |
| 610 | 2 | 0 | |a spolupráca hospodárska medzinárodná |
| 610 | 2 | 0 | |a ekológia |
| 610 | 2 | 0 | |a reštrukturalizácia |
| 100 | 1 | |a Gossányi, Vojtech | |